Central Library OPAC University of Rajshahi

An introduction to the kinetic theory of gases / (Record no. 71751)

MARC details
000 -LEADER
fixed length control field 00674nam a2200229 4500
001 - CONTROL NUMBER
control field 71751
003 - CONTROL NUMBER IDENTIFIER
rucl marc code BD-RjUL
005 - DATE AND TIME OF LATEST TRANSACTION
control field 20211209082145.0
008 - FIXED-LENGTH DATA ELEMENTS--GENERAL INFORMATION
fixed length control field 170507r19521940enk 001 0 eng d
035 ## - SYSTEM CONTROL NUMBER
System control number (BD-RjUL)71967
040 ## - CATALOGING SOURCE
Original cataloging agency KSU
Language of cataloging eng
Transcribing agency BD-RjUL
041 ## - LANGUAGE CODE
Language code of text/sound track or separate title eng
082 ## - DEWEY DECIMAL CLASSIFICATION NUMBER
Edition number 23
Classification number 533.7
Author mark and year JEI 1952
100 1# - MAIN ENTRY--PERSONAL NAME
Personal name Jeans, James,
Dates associated with a name 1877-1946.
9 (RLIN) 154989
245 13 - TITLE STATEMENT
Title An introduction to the kinetic theory of gases /
Statement of responsibility, etc. by Sir James Jeans.
250 ## - EDITION STATEMENT
Edition statement 1st ed.
260 ## - PUBLICATION, DISTRIBUTION, ETC. (IMPRINT)
Place of publication, distribution, etc. Cambridge :
Name of publisher, distributor, etc. University Press,
Date of publication, distribution, etc. 1940, [Reprinted 1952]
300 ## - PHYSICAL DESCRIPTION
Pagination 311 p. :
Illustrations ill. ;
Size 22 cm.
500 ## - GENERAL NOTE
General note Includes Indexes
650 #0 - SUBJECT ADDED ENTRY--TOPICAL TERM
Topical term or geographic name as entry element Kinetic theory of gases.
9 (RLIN) 212269
942 ## - ADDED ENTRY ELEMENTS (KOHA)
Source of classification or shelving scheme Dewey Decimal Classification
Koha item type Books
Holdings
Lost status Source of classification or shelving scheme Damaged status Not for loan Collection code Permanent Location Current Location Shelving location Date acquired Source of acquisition Cost, normal purchase price Total Checkouts Full call number Date last seen Copy number Koha item type
  Dewey Decimal Classification   Not For Loan Non-fiction Central Library, University of Rajshahi Central Library, University of Rajshahi Reading Room 13/02/1963 Zeitlinger 27.60   533.7 JEI 1952 07/05/2017 C-1 Books
  Dewey Decimal Classification     Non-fiction Central Library, University of Rajshahi Central Library, University of Rajshahi   09/12/2021 Zeitlinger 17.60   533.7 JEI 1952 07/05/2017 C-2 Books
  Dewey Decimal Classification     Non-fiction Central Library, University of Rajshahi Central Library, University of Rajshahi   13/02/1963 Zeitlinger 17.60   533.7 JEI 1952 07/05/2017 C-3 Books
  Dewey Decimal Classification     Non-fiction Central Library, University of Rajshahi Central Library, University of Rajshahi   13/02/1962 Zeitlinger 27.60   533.7 JEI 1962 07/05/2017 C-4 Books
  Dewey Decimal Classification     Non-fiction Central Library, University of Rajshahi Central Library, University of Rajshahi   13/02/1963 Zeitlinger 27.60   533.7 JEI 1952 07/05/2017 C-5 Books
  Dewey Decimal Classification     Non-fiction Central Library, University of Rajshahi Central Library, University of Rajshahi   25/11/1958 Colombo plan 27.60   533.7 JEI 1952 07/05/2017 C-6 Books
  Dewey Decimal Classification     Non-fiction Central Library, University of Rajshahi Central Library, University of Rajshahi   02/11/1962 Zeitlinger 27.60   533.7 JEI 1962 07/05/2017 C-7 Books
  Dewey Decimal Classification     Non-fiction Central Library, University of Rajshahi Central Library, University of Rajshahi   12/11/1968 Zeitlinger 17.60   533.7 JEI 1967 07/05/2017 C-8 Books
  Dewey Decimal Classification     Non-fiction Central Library, University of Rajshahi Central Library, University of Rajshahi   12/11/1968 Zeitlinger 17.60   533.7 JEI 1967 07/05/2017 C-9 Books
  Dewey Decimal Classification     Non-fiction Central Library, University of Rajshahi Central Library, University of Rajshahi   12/11/1968 Zeitlinger 17.60   533.7 JEI 1967 07/05/2017 C-10 Books